Sports Quiz

Random Sports or Logo Quiz

Sports Logos Close-Up III Quiz Stats

 Plays Quiz Updated Jul 3, 2017

Support Sporcle.
Go Orange.
Score 0/24 Timer 05:00
4 Plays Today
Number % Correct
Los Angeles Lakers
96.5%
Atlanta Falcons
91.9%
Kansas City Chiefs
89%
Texas Rangers
88.9%
Jacksonville Jaguars
88.5%
Baltimore Ravens
86%
Los Angeles Angels
83.6%
Portland Trailblazers
83.6%
Arizona Diamondbacks
82.1%
Orlando Magic
76.8%
Tampa Bay Rays
76.2%
Oklahoma City Thunder
74.7%
Number % Correct
Boston Red Sox
72.8%
San Jose Sharks
71.3%
New York Islanders
68.1%
Detroit Red Wings
65.3%
Los Angeles Dodgers
64.9%
Indianapolis Colts
60.5%
Carolina Hurricanes
60.3%
Sacramento Kings
58.8%
Houston Texans
56.6%
Toronto Raptors
45%
Vancouver Canucks
37%
San Diego Padres
12.6%

You're not logged in!

Compare scores with friends on all Sporcle quizzes.
OR
Log In
Forgot?

From the Vault

Surname Bands

by citkeane

Need inspiration for a band name? Look no further than your last name.
Remove Ads.
Support Sporcle.
Get the best of Sporcle when you Go Orange. This ad-free experience offers more features, more stats, and more fun while also helping to support Sporcle. Thank you for becoming a member.

Show Comments

Extras

Top Quizzes Today


Score Distribution

Your Account Isn't Verified!

In order to create a playlist on Sporcle, you need to verify the email address you used during registration. Go to your Sporcle Settings to finish the process.

Report this User

Report this user for behavior that violates our Community Guidelines.

Details: